00650nam a2200157 a 4500001001000000003000900010005001700019008004100036040002500077245019800102260003600300300002000336942001400356952010500370999001700475000033400DO-SdBNP20210630154446.0110826s1978 dr 000 0 spa d aDO-SdBNPbspacBNPHU10aDiscurso pronunciado por el Dr. Joaquín Balaguer, presidente del Partido Reformista, el día 28 de marzo de 1974 aceptando su postulación para el período 1974-1978 /cJoaquín Balaguer. aSanto Domingo :b[s.n.],c1978. a16 p. ;c22 cm. 2ddccLBS1 0010718PDaPDbPDcCTd2011-08-26iLF1l0o p33400-10r2020-06-25w2020-06-25yLFPDZNo se presta c32891d32891